000 00859nam a2200277 a 4500
001 BRL_81
005 20190320210559.0
008 900615t1983----mx-a######---#000-0#spa-#
020 _a9684111088
040 _aDLC
_cDLC
_dDLC
041 _aspa
044 _amx
050 4 _aTR680.J5
_b.F68 1983
245 1 0 _aFoto estudio Jiménez
_bSotero Constantino, fotógrafo de Juchitán
_cpresentación de Carlos Monsiváis.
260 _aMéxico
_bEra
_c1983
300 _a93 p.
_bil.
_c20 cm.
440 0 _aSerie Crónicas
_922850
500 _aAu116
600 1 4 _aJiménez Gómez, Sotero Constantino
_922851
650 1 4 _aFotografía
_vRetratos
_922852
650 1 4 _aLa fotografía comercial
_zMéxico
_922853
651 4 _aJuchitán de Zaragoza (Oaxaca)
_xBiografías
_zMéxico
_922854
700 1 _aMonsiváis, Carlos
_922855
902 _aGRL
942 _2lcc
_cB
999 _c8894
_d8894